| 000 | 00533nam a22001937a 4500 | ||
|---|---|---|---|
| 005 | 20221013115247.0 | ||
| 008 | 221013b ||||| |||| 00| 0 eng d | ||
| 020 | _a9789382267058 | ||
| 040 |
_aIN-DiNC _cIN-DiNC |
||
| 041 | _deng | ||
| 082 |
_a823 _bSTE |
||
| 100 |
_aSterne, Laurence _eauthor |
||
| 245 |
_aThe life and opinions of Tristram Shandy, Gentleman/ _cby Laurence Sterne |
||
| 260 |
_aDelhi: _bBook land, _c2016. |
||
| 300 | _axlvi, 594p. | ||
| 650 | _aEnglish novel | ||
| 700 |
_aWatt, Ian _eEditor |
||
| 942 |
_2ddc _cBK |
||
| 999 |
_c11422 _d11422 |
||